Física universitaria con física moderna 2 (Registro nro. 157617)
[ vista simple ]
| 000 -LEADER | |
|---|---|
| fixed length control field | 01721nam#a2200253 4500 |
| 001 - CONTROL NUMBER | |
| control field | 9786073244428 |
| 003 - CONTROL NUMBER IDENTIFIER | |
| control field | VST |
| 006 - FIXED-LENGTH DATA ELEMENTS--ADDITIONAL MATERIAL CHARACTERISTICS--GENERAL INFORMATION | |
| fixed length control field | m o d |
| 007 - PHYSICAL DESCRIPTION FIXED FIELD--GENERAL INFORMATION | |
| fixed length control field | cr#un#---uucau |
| 008 - FIXED-LENGTH DATA ELEMENTS--GENERAL INFORMATION | |
| fixed length control field | 181010s2018 MEX d |
| 020 ## - INTERNATIONAL STANDARD BOOK NUMBER | |
| International Standard Book Number | 9786073244428 |
| 040 ## - CATALOGING SOURCE | |
| Original cataloging agency | VST |
| Transcribing agency | VST |
| Modifying agency | VST |
| 100 1# - MAIN ENTRY--PERSONAL NAME | |
| Personal name | Hugh D. Young, Roger A. Freedman |
| Relator term | author |
| 245 10 - TITLE STATEMENT | |
| Title | Física universitaria con física moderna 2 |
| 250 ## - | |
| -- | first edition |
| 260 ## - PUBLICATION, DISTRIBUTION, ETC. (IMPRINT) | |
| Place of publication, distribution, etc | Mexico : |
| 264 #1 - | |
| -- | Mexico : |
| -- | Pearson Educación, |
| -- | 2018 |
| 300 ## - PHYSICAL DESCRIPTION | |
| Extent | 1 online resource |
| 336 ## - | |
| -- | text |
| -- | txt |
| -- | rdacontent |
| 337 ## - | |
| -- | computer |
| -- | c |
| -- | rdamedia |
| 520 ## - SUMMARY, ETC. | |
| Summary, etc | A casi 70 años desde su primera edición, Física universitaria con física moderna, escrito en sus inicios por Francis Sears y Mark Zemansky, y continuado por Hugh D. Young y Roger A. Freedman, con la colaboración de A. Lewis Ford en esta edición, sigue siendo uno de los textos más importantes a nivel mundial para las carreras de ingeniería, física y química; y un libro de referencia para los profesionales de estas áreas. Gracias a una exposición clara, didácticamente amable y enriquecida por cientos de reflexiones y ejemplos desarrollados, este libro ofrece una excelente opción al estudioso de la física, desde sus fundamentos hasta el desarrollo de la física moderna. El volumen 1 cubre las áreas de mecánica, mecánica de fluidos, ondas, acústica y termodinámica. Mientras que el volumen 2 trata las áreas de electromagnetismo, óptica y física moderna, que incluye temas de relatividad, física de partículas y astrofísica. |
| 856 40 - LOCALIZACIÓN Y ACCESO ELECTRÓNICO | |
| Identificador Uniforme del Recurso (URI/URL) | https://bc.vitalsource.com/tenants/Universidad_Insurgentes/libraries?bookmeta_vbid=9786073244428 |
| 999 ## - | |
| -- | 157617 |
| -- | 157617 |
No hay ítems disponibles.